01159nam a2200193Ia 4500001001000000003001000010008004100020040002500061041001200086100004000098245006400138250001100202260005800213300002800271500026400299501011400563520026400677650002400941L230-5857IT-CnALBA170116s9999||||xx |||||||||||||| ||und|| aIT-CnALBAcIT-CnALBA aLATINO  aGARRIGOU-LAGRANGE P. REGINALDO, OP. 0aDE REVELATIONE PER ECCLESIAM CATHOLICAM PROPOSITA. VOL. I.  a2a ed. a LONDRAbCONSTABLE & CO., LTD. c1921 [1° Ed.: n.d.] a564 p. (prefazione: 11) aTEOLOGIA FONDAMENTALE SECONDO IL PENSIERO DI S. TOMMASO. APOLOGETICA. SACRA TEOLOGIA. METODOLOGIA. RIVELAZIONE SOPRANNATURALE. MISTERO E DOGMA. POSSIBILITÀ DELLA RIVELAZIONE. AGNOSTICISMO. PANTEISMO EVOLUZIONISTICO. CONVENIENZA E NECESSITÀ DELLA RIVELAZIO aSocietà San Paolo EM - Piazza San Paolo, 14 - 12051 ALBA (CN) (non commercial uses only) ® Copyright 2017 aTEOLOGIA FONDAMENTALE SECONDO IL PENSIERO DI S. TOMMASO. APOLOGETICA. SACRA TEOLOGIA. METODOLOGIA. RIVELAZIONE SOPRANNATURALE. MISTERO E DOGMA. POSSIBILITÀ DELLA RIVELAZIONE. AGNOSTICISMO. PANTEISMO EVOLUZIONISTICO. CONVENIENZA E NECESSITÀ DELLA RIVELAZIO aDOGMATICA CRISTIANA